[Event "ESP-ch rapid"]
[Site "Linares"]
[Date "2017.08.13"]
[Round "8"]
[White "Sos Andreu, Eric"]
[Black "Lopez Rodriguez, Fernando"]
[Result "1-0"]
[WhiteElo "2347"]
[BlackElo "2106"]
[PlyCount "91"]
[EventDate "2017.08.13"]
[EventType "swiss (rapid)"]
[EventRounds "9"]
[EventCountry "ESP"]
[SourceTitle "CBM 179 Extra"]
[Source "ChessBase"]
[SourceDate "2017.08.23"]
[SourceVersion "1"]
[SourceVersionDate "2017.08.23"]
[SourceQuality "1"]

1. d4 Nf6 2. c4 g6 3. Nc3 Bg7 4. e4 d6 5. Nf3 0-0 6. Be2 e5 7. 0-0 Nc6 8. d5 Ne7 9. b4 Nh5 10. Re1 h6 11. c5 f5 12. Nd2 Nf6 13. f3 f4 14. Nc4 g5 15. g4 h5 16. h3 hxg4 17. hxg4 Kf7 18. Kg2 Rh8 19. Rh1 Rxh1 20. Qxh1 Ng6 21. Ba3 Nh4+ 22. Kf2 Bf8 23. Rc1 Bd7 24. b5 Qb8 25. Qd1 b6 26. c6 Bc8 27. Bb2 a6 28. a4 Be7 29. Qb3 Kg7 30. Ba3 Ng6 31. Rh1 axb5 32. axb5 Qa7 33. Bb4 Bf8 34. Qb1 Be7 35. Qg1 Nh4 36. Nxe5 dxe5 37. Bxe7 Qa5 38. Qc1 Ng6 39. Bxf6+ Kxf6 40. d6 Be6 41. dxc7 Qb4 42. Qd2 Qc5+ 43. Kg2 Qd4 44. Nd5+ Bxd5 45. Qxd4 exd4 46. exd5 1-0

[Event "Seville-ch"]
[Site "Seville"]
[Date "2014.03.01"]
[Round "6.3"]
[White "Lopez Rodriguez, Fernando"]
[Black "Silva Lucena, Cristian"]
[Result "1/2-1/2"]
[WhiteElo "2098"]
[BlackElo "2126"]
[PlyCount "73"]
[EventDate "2014.01.25"]
[EventType "swiss"]
[EventRounds "9"]
[EventCountry "ESP"]
[SourceTitle "EXT 2024"]
[Source "ChessBase"]
[SourceDate "2023.10.10"]
[SourceVersion "1"]
[SourceVersionDate "2023.10.10"]
[SourceQuality "1"]

1. d4 d5 2. c4 e6 3. Nc3 c6 4. e4 dxe4 5. Nxe4 Bb4+ 6. Nc3 e5 7. a3 exd4 8. axb4 dxc3 9. Qxd8+ Kxd8 10. bxc3 Nf6 11. Be3 Re8 12. Kd2 Ne4+ 13. Kc2 Bf5 14. Bd3 a6 15. Nf3 Nd7 16. Rhe1 Bg6 17. Nh4 Nef6 18. Nxg6 hxg6 19. Bf4 Rxe1 20. Rxe1 Nf8 21. c5 Ne6 22. Bd6 Kd7 23. Kb3 Re8 24. Rd1 Kc8 25. f3 Nd5 26. Rd2 Nec7 27. c4 Nf6 28. Re2 Rxe2 29. Bxe2 Ne6 30. Ka4 Nd4 31. Bd3 Nd7 32. Bf4 Ne6 33. Bd6 Nd4 34. Ka3 Nf6 35. Be5 Ne6 36. Ka4 Nd7 37. Bd6 1/2-1/2

[Event "Seville-ch"]
[Site "Seville"]
[Date "2014.02.15"]
[Round "4.2"]
[White "Gutierrez Valero, Mario"]
[Black "Lopez Rodriguez, Fernando"]
[Result "1-0"]
[WhiteElo "2186"]
[BlackElo "2098"]
[PlyCount "67"]
[EventDate "2014.01.25"]
[EventType "swiss"]
[EventRounds "9"]
[EventCountry "ESP"]
[SourceTitle "EXT 2024"]
[Source "ChessBase"]
[SourceDate "2023.10.10"]
[SourceVersion "1"]
[SourceVersionDate "2023.10.10"]
[SourceQuality "1"]

1. d4 d5 2. c4 e6 3. Nf3 c5 4. cxd5 exd5 5. g3 Nc6 6. Bg2 Nf6 7. 0-0 Be7 8. Nc3 0-0 9. Bg5 c4 10. b3 cxb3 11. axb3 h6 12. Bxf6 Bxf6 13. e3 Be6 14. Ne1 Rc8 15. Qd2 Na5 16. Rb1 Be7 17. Nd3 b6 18. Qb2 Rc7 19. Nf4 Rd7 20. Qe2 Nc6 21. Qh5 Nb4 22. Rfc1 Bg5 23. Nxe6 fxe6 24. h4 Be7 25. Bh3 Rf6 26. e4 Kh7 27. e5 Rg6 28. Ne2 Qf8 29. Nf4 Qxf4 30. Qxg6+ Kxg6 31. gxf4 Kf7 32. f5 exf5 33. Bxf5 Rd8 34. h5 1-0

[Event "Seville-ch"]
[Site "Seville"]
[Date "2013.01.27"]
[Round "2"]
[White "Morales Gonzalez, Danny Mauricio"]
[Black "Lopez Rodriguez, Fernando"]
[Result "0-1"]
[WhiteElo "1855"]
[BlackElo "2014"]
[PlyCount "50"]
[EventDate "2013.01.26"]
[EventType "swiss"]
[EventRounds "6"]
[EventCountry "ESP"]
[SourceTitle "EXT 2014"]
[Source "ChessBase"]
[SourceDate "2013.11.20"]
[SourceVersion "1"]
[SourceVersionDate "2013.11.20"]
[SourceQuality "1"]

1. e4 e6 2. d4 d5 3. Nd2 c5 4. Ngf3 Nf6 5. e5 Nfd7 6. c3 Nc6 7. Bd3 cxd4 8. cxd4 f6 9. exf6 Nxf6 10. 0-0 Bd6 11. Bb5 0-0 12. Re1 Qb6 13. Bxc6 bxc6 14. Nb3 a5 15. a4 Rb8 16. Re3 Ng4 17. Rc3 Bb4 18. Rc2 Qc7 19. g3 Bd6 20. Nc5 e5 21. Ng5 Be7 22. f3 exd4 23. Qxd4 Rb4 24. Qd3 Bxc5+ 25. Kg2 Bf5 0-1

[Event "Dos Hermanas op 5th"]
[Site "Dos Hermanas"]
[Date "2006.04.06"]
[Round "8"]
[White "Lopez Rodriguez, Fernando"]
[Black "Khamrakulov, Ibragim S"]
[Result "0-1"]
[WhiteElo "2153"]
[BlackElo "2499"]
[PlyCount "74"]
[EventDate "2006.03.30"]
[EventType "swiss"]
[EventRounds "9"]
[EventCountry "ESP"]
[SourceTitle "CBM 111 Extra"]
[Source "ChessBase"]
[SourceDate "2006.05.09"]
[SourceVersion "1"]
[SourceVersionDate "2006.05.09"]
[SourceQuality "1"]

1. d4 Nf6 2. Nf3 e6 3. g3 b5 4. Bg2 Bb7 5. 0-0 c5 6. c3 cxd4 7. Nxd4 Bxg2 8. Kxg2 b4 9. cxb4 Bxb4 10. a3 Ba5 11. b4 Bb6 12. Bb2 0-0 13. Nc3 d5 14. Nf3 Nbd7 15. Qd3 e5 16. Qf5 g6 17. Qg5 d4 18. Na4 Nd5 19. Qxd8 Rfxd8 20. Nd2 a5 21. Nc4 Bc7 22. b5 Rdb8 23. e3 dxe3 24. b6 N7xb6 25. Naxb6 Nxb6 26. Nxe3 Na4 27. Rac1 Nxb2 28. Rxc7 Nd3 29. Nd5 Kg7 30. Rd1 Rb3 31. Nc3 Rd8 32. Kf1 Rb2 33. Ne4 Nf4 34. Rdc1 Ne6 35. Ra7 Rd4 36. Nc3 Rc4 37. Rxa5 Rb3 0-1

[Event "Dos Hermanas-D"]
[Site "Dos Hermanas"]
[Date "2003.04.05"]
[Round "9.1"]
[White "Lopez Rodriguez, Fernando"]
[Black "Ramirez Guerrero, Enrique"]
[Result "1-0"]
[WhiteElo "2152"]
[BlackElo "2078"]
[PlyCount "65"]
[EventDate "2003.03.28"]
[EventType "tourn"]
[EventRounds "9"]
[EventCountry "ESP"]
[SourceTitle "CBM 093 Extra"]
[Source "ChessBase"]
[SourceDate "2003.05.09"]
[SourceVersion "1"]
[SourceVersionDate "2003.05.09"]
[SourceQuality "1"]

1. d4 e6 2. Nd2 d5 3. e3 Nf6 4. Bd3 c5 5. c3 Nc6 6. Ngf3 Bd6 7. 0-0 0-0 8. Re1 e5 9. dxe5 Nxe5 10. Nxe5 Bxe5 11. Qc2 Re8 12. e4 Bg4 13. g3 g5 14. exd5 Qxd5 15. Ne4 h6 16. f4 gxf4 17. gxf4 Bd4+ 18. cxd4 Nxe4 19. Bxe4 Qxd4+ 20. Kg2 f5 21. Qb3+ c4 22. Qxb7 fxe4 23. Be3 Bf3+ 24. Kf2 Qf6 25. Qd5+ Kh7 26. Bd4 Qxf4 27. Qd7+ Kg6 28. Rg1+ Bg4+ 29. Ke1 Kh5 30. Qd5+ Kh4 31. Bf2+ Kh3 32. Qxc4 Rad8 33. Qf1+ 1-0

[Event "Dos Hermanas-D"]
[Site "Dos Hermanas"]
[Date "2003.04.01"]
[Round "5.3"]
[White "Lopez Rodriguez, Fernando"]
[Black "Luque Ortiz, Jose Manuel"]
[Result "1-0"]
[WhiteElo "2152"]
[BlackElo "1876"]
[PlyCount "89"]
[EventDate "2003.03.28"]
[EventType "tourn"]
[EventRounds "9"]
[EventCountry "ESP"]
[SourceTitle "CBM 093 Extra"]
[Source "ChessBase"]
[SourceDate "2003.05.09"]
[SourceVersion "1"]
[SourceVersionDate "2003.05.09"]
[SourceQuality "1"]

1. d4 Nf6 2. Nf3 b6 3. g3 Bb7 4. Bg2 e6 5. c4 c5 6. d5 d6 7. dxe6 fxe6 8. 0-0 Nc6 9. Ng5 Qd7 10. Qa4 Na5 11. Qxd7+ Kxd7 12. Bxb7 Nxb7 13. Nc3 h6 14. Nf3 a6 15. Rd1 g5 16. b3 Kc6 17. Bb2 Bg7 18. Rd2 Rad8 19. Rad1 Rhf8 20. Kg2 Rf7 21. Ne5+ dxe5 22. Rxd8 Nxd8 23. Rxd8 Rd7 24. Rxd7 Nxd7 25. Ne4 b5 26. Nd2 Kd6 27. Kf3 Nf6 28. h3 h5 29. Ne4+ Nxe4 30. Kxe4 g4 31. hxg4 hxg4 32. f3 bxc4 33. bxc4 Bf6 34. f4 Bg7 35. Bxe5+ Bxe5 36. fxe5+ Ke7 37. Kf4 Kf7 38. Kxg4 Kg6 39. Kh4 a5 40. a4 Kh6 41. g4 Kg6 42. g5 Kg7 43. Kh5 Kh7 44. g6+ Kg7 45. Kg5 1-0

[Event "Dos Hermanas-D"]
[Site "Dos Hermanas"]
[Date "2003.03.28"]
[Round "1.5"]
[White "Lopez Rodriguez, Fernando"]
[Black "Caro Rodriguez, Juan Antonio"]
[Result "1-0"]
[WhiteElo "2152"]
[BlackElo "2160"]
[PlyCount "117"]
[EventDate "2003.03.28"]
[EventType "tourn"]
[EventRounds "9"]
[EventCountry "ESP"]
[SourceTitle "CBM 093 Extra"]
[Source "ChessBase"]
[SourceDate "2003.05.09"]
[SourceVersion "1"]
[SourceVersionDate "2003.05.09"]
[SourceQuality "1"]

1. Nf3 d6 2. e4 Nf6 3. Nc3 e5 4. d4 Nbd7 5. Bc4 Be7 6. 0-0 0-0 7. dxe5 dxe5 8. a3 c6 9. b4 b5 10. Bb3 a5 11. bxa5 Rxa5 12. Bb2 Qc7 13. Re1 h6 14. a4 bxa4 15. Nxa4 Bb4 16. c3 Be7 17. Nd2 Ba6 18. Nc4 Bxc4 19. Bxc4 Nb6 20. Nxb6 Rxa1 21. Qxa1 Qxb6 22. Qa2 Bc5 23. Bc1 Ng4 24. Re2 Qa7 25. Qxa7 Bxa7 26. h3 Rd8 27. Bb3 Nf6 28. Ba3 Rd3 29. Bb4 Bb6 30. Bc2 Rd7 31. Ba4 Nh5 32. Bxc6 Rd1+ 33. Kh2 Rf1 34. g3 Rxf2+ 35. Rxf2 Bxf2 36. g4 Nf4 37. Bd6 Nd3 38. Bb5 Bc5 39. Bc7 Nf2 40. Bc6 f6 41. Kg3 g5 42. Ba5 Kf7 43. Bd8 Kg7 44. Bd5 Nd1 45. Ba5 Nf2 46. h4 Kf8 47. hxg5 hxg5 48. Bd8 Kg7 49. Kf3 Kg6 50. Bc4 Nd1 51. Ba5 Nb2 52. Bb5 Nd1 53. Bb4 Bxb4 54. cxb4 Kf7 55. Bc6 Ke7 56. Ke2 Nc3+ 57. Kd3 Na2 58. Kc4 Kd6 59. Bb5 1-0

[Event "Dos Hermanas op"]
[Site "Dos Hermanas"]
[Date "1998.??.??"]
[Round "5"]
[White "Gonzalez Rodriguez, Jorge Armando"]
[Black "Lopez Rodriguez, Fernando"]
[Result "1-0"]
[WhiteElo "2390"]
[BlackElo "2165"]
[PlyCount "43"]
[EventDate "1998.04.17"]
[EventType "swiss"]
[EventRounds "9"]
[EventCountry "ESP"]
[SourceTitle "EXT 1999"]
[Source "ChessBase"]
[SourceDate "1998.11.16"]
[SourceVersion "1"]
[SourceVersionDate "1998.11.16"]
[SourceQuality "1"]

1. c4 Nf6 2. g3 g6 3. Bg2 Bg7 4. Nc3 0-0 5. e3 e5 6. Nge2 d6 7. 0-0 Nbd7 8. b3 Re8 9. d4 c6 10. Ba3 Bf8 11. Qc2 Qc7 12. Rfd1 a5 13. d5 cxd5 14. Nxd5 Nxd5 15. Bxd5 Nb6 16. Bg2 a4 17. Nc3 axb3 18. axb3 Bf5 19. Qb2 Rad8 20. Bb4 e4 21. Nb5 Bg7 22. Qxg7+ 1-0

[Event "Dos Hermanas op"]
[Site "Dos Hermanas"]
[Date "1998.??.??"]
[Round "3"]
[White "Lopez Rodriguez, Fernando"]
[Black "Matamoros Franco, Carlos S"]
[Result "0-1"]
[WhiteElo "2165"]
[BlackElo "2470"]
[PlyCount "52"]
[EventDate "1998.04.17"]
[EventType "swiss"]
[EventRounds "9"]
[EventCountry "ESP"]
[SourceTitle "EXT 1999"]
[Source "ChessBase"]
[SourceDate "1998.11.16"]
[SourceVersion "1"]
[SourceVersionDate "1998.11.16"]
[SourceQuality "1"]

1. d4 Nf6 2. Nf3 c5 3. c4 cxd4 4. Nxd4 e5 5. Nc2 d5 6. cxd5 Qxd5 7. Qxd5 Nxd5 8. g3 Nc6 9. Bg2 Be6 10. 0-0 0-0-0 11. a3 Kb8 12. b4 f6 13. Bd2 Be7 14. e3 Rc8 15. Rd1 Nd8 16. Be1 Rxc2 17. Bxd5 Bxd5 18. Rxd5 Rc1 19. Kf1 Nf7 20. Ke2 Nd6 21. Bd2 Rh1 22. h4 Rc8 23. Be1 Ne4 24. Nc3 Rxc3 25. Rd7 Rc2+ 26. Kf3 f5 0-1